000 00595nam a2200229Ia 4500
003 OSt
005 20221006144625.0
006 a|||||r|||| 00| 0
007 ta
008 221006b |||||||| |||| 00| 0 eng d
024 _a12,170
037 _cTextual
040 _aEASL
_cEASL
_beng
041 _2eng
_aeng
082 _aV41.N1, F2;1
100 _aReinsch Paul S
_9647939
245 0 _aAmerican diplomat in China
260 _aTaipei
_bCheng Wen Pub.
_c1967
300 _a396p.
_ccm.
942 _hV41.N1, F2;1
_cTEXL
_2CC
999 _c1080256
_d1080256